15 Największych Miast w Rosji na Mapie - Statystyki

Ogólne statystyki
  • Ten quiz został rozwiązany 45 razy
  • Średni wynik to 11 z 15
Odpowiedzi na mapie
Odpowiedzi zakodowano w zielono-czerwonej skali na mapie do tego quizu, zgodnie z poniższymi procentami.
 
Statystyki odpowiedzi
Kontynent Miasto Populacja % Poprawnych
Europa Moskwa 13,2 mln
100%
Europa Petersburg 5,6 mln
100%
Europa Rostów nad Donem 1,1 mln
92%
Azja Nowosybirsk 1,6 mln
84%
Europa Kazań 1,3 mln
80%
Europa Samara 1,1 mln
80%
Azja Jekaterynburg 1,5 mln
76%
Europa Niżny Nowogród 1,2 mln
76%
Europa Ufa 1,1 mln
76%
Europa Perm 1 mln
64%
Azja Czelabińsk 1,2 mln
60%
Europa Krasnodar 1,1 mln
60%
Azja Omsk 1,1 mln
60%
Europa Woroneż 1 mln
60%
Azja Krasnojarsk 1,2 mln
52%
Nie znaleziono quizów pasujących do podanych kryteriów
Rozkład punktacji
Procent ludzi z każdym wynikiem
Percentyl według liczby udzielonych odpowiedzi
Twoja historia wyników
Nie rozwiązałeś tego quizu